| 000 | 00000nam##2200000za#4500 |
| 001 | 9.697784 |
| 003 | CaOODSP |
| 005 | 20210624235632 |
| 007 | cr ||||||||||| |
| 008 | 150407|1995||||xxc|||||o f|0| 0 eng|d |
| 040 | |aCaOODSP|beng |
| 043 | |an-cn--- |
| 086 | 1 |aA15-1909/1995E-PDF |
| 110 | 1 |aCanada. |bAgriculture and Agri-Food Canada. |
| 245 | 10|aFederal laboratories for Health Canada and Agriculture and Agri-Food Canada |h[electronic resource] |
| 260 | |aOttawa - Ontario : |bAgriculture and Agri-Food Canada |cJune 1995. |
| 300 | |a14p.|bphotographs |
| 500 | |aHistorical publication digitized by Agriculture and Agri-Food Canada. |
| 590 | |a13-17-Supp|b2013-07-25 |
| 690 | 07|aLaboratories|2gcpds |
| 690 | 07|aScientific research|2gcpds |
| 775 | 08|tLaboratoires fédéraux de Santé Canada et d'Agriculture et Agroalimentaire Canada |w(CaOODSP)9.641925 |
| 856 | 40|ahttp://publications.gc.ca|qPDF|s990 KB|uhttps://publications.gc.ca/collections/collection_2013/aac-aafc/agrhist/A15-1909-1995-eng.pdf |
| 986 | |a1909 |